རྫོང་ཁའི་དུས་གསུམ་རབ་གསལ། (Record no. 2578)
[ view plain ]
| 000 -LEADER | |
|---|---|
| fixed length control field | 00505nam a2200157 4500 |
| 001 - CONTROL NUMBER | |
| control field | 3193 |
| 005 - DATE AND TIME OF LATEST TRANSACTION | |
| control field | 20190909105723.0 |
| 008 - FIXED-LENGTH DATA ELEMENTS--GENERAL INFORMATION | |
| fixed length control field | 190909b ||||| |||| 00| 0 eng d |
| 020 00 - INTERNATIONAL STANDARD BOOK NUMBER | |
| International Standard Book Number | 9789993615101 |
| 090 00 - LOCALLY ASSIGNED LC-TYPE CALL NUMBER (OCLC); LOCAL CALL NUMBER (RLIN) | |
| Classification number (OCLC) (R) ; Classification number, CALL (RLIN) (NR) | 495.456 D999b 2011 |
| 245 00 - TITLE STATEMENT | |
| Title | རྫོང་ཁའི་དུས་གསུམ་རབ་གསལ། |
| Statement of responsibility, etc. | Dzongkha Development Commission. |
| 260 00 - PUBLICATION, DISTRIBUTION, ETC. | |
| Place of publication, distribution, etc. | Thimphu : |
| Name of publisher, distributor, etc. | Dzongkha Development Commission, |
| Date of publication, distribution, etc. | 2011. |
| 300 00 - PHYSICAL DESCRIPTION | |
| Extent | 132 p. |
| 650 00 - SUBJECT ADDED ENTRY--TOPICAL TERM | |
| Topical term or geographic name entry element | Dzongkha language --Verb. |
| 942 ## - ADDED ENTRY ELEMENTS (KOHA) | |
| Source of classification or shelving scheme | Dewey Decimal Classification |
| Koha item type | Dzongkha |
| Withdrawn status | Lost status | Source of classification or shelving scheme | Damaged status | Not for loan | Collection code | Home library | Current library | Shelving location | Date acquired | Serial Enumeration / chronology | Inventory number | Total Checkouts | Full call number | Barcode | Date last seen | Copy number | Price effective from | Koha item type | Total Renewals | Date last checked out |
|---|---|---|---|---|---|---|---|---|---|---|---|---|---|---|---|---|---|---|---|---|
| Dewey Decimal Classification | Dzongkha | RTC Library | RTC Library | Dzongkha | 29/08/2023 | 5597 | 495.456 DOR | 30004181 | 29/08/2023 | 1 | 27/11/2018 | Dzongkha | ||||||||
| Dewey Decimal Classification | Dzongkha | RTC Library | RTC Library | Dzongkha | 29/08/2023 | 5599 | 3 | 495.456 DOR | 30004073 | 23/08/2025 | 3 | 27/11/2018 | Dzongkha | 1 | 09/08/2025 | |||||
| Dewey Decimal Classification | Dzongkha | RTC Library | RTC Library | Dzongkha | 04/12/2021 | 5601 | 5 | 495.456 DOR | 30004191 | 07/12/2021 | 5 | 27/11/2018 | Dzongkha | 3 | 04/12/2021 | |||||
| Dewey Decimal Classification | Dzongkha | RTC Library | RTC Library | Dzongkha | 07/05/2022 | 5600 | 3 | 495.456 DOR | 30004137 | 08/05/2022 | 4 | 27/11/2018 | Dzongkha | 07/05/2022 | ||||||
| Dewey Decimal Classification | Dzongkha | RTC Library | RTC Library | Dzongkha | 5598 | 495.456 DOR | 30004253 | 27/11/2018 | 2 | 27/11/2018 | Dzongkha |